| 000 | 00969cam a2200265 4500 | ||
|---|---|---|---|
| 008 | 090401t1992 xxu||||| |||| 00| 0 eng d | ||
| 020 | _a0198175116 | ||
| 035 | _a(Sirsi) u71981 | ||
| 041 | _aeng | ||
| 050 |
_a724.2 _c18 |
||
| 100 | _aCunningham, Colin | ||
| 245 |
_aAlfred Waterhouse 1830-1905 _bbiography of a practice |
||
| 260 |
_aOxford _bClarendon Press _c1992 |
||
| 300 |
_axviii, 319p.,89p. of plates _bill. _c28cm. |
||
| 350 | _a80 | ||
| 490 | _aClarendon Studies in the History of Art | ||
| 520 | _aThe definitive biography of Alfred Waterhouse, designer of the headquarters of the Surveyors Institution, now RICS. The text makes reference to the design of 12 Great George Street, details of which are also given in the list of works in the first appendix. | ||
| 590 | _aGGS | ||
| 650 | _aALFRED WATERHOUSE | ||
| 650 | _a12 GREAT GEORGE STREET | ||
| 690 | _aRICS NEWS | ||
| 700 | _aWaterhouse, Prudence | ||
| 942 | _n0 | ||
| 948 | _c04/03/1997 | ||
| 999 |
_c95470 _d95470 |
||